| 000 | 00565nam a22001817a 4500 | ||
|---|---|---|---|
| 999 |
_c10732 _d10732 |
||
| 003 | AR-CdUCM | ||
| 008 | 190401b ||||| |||| 00| 0 spa d | ||
| 040 |
_aMUNICIPALIDAD PROVINCIAL DEL CUSCO _cBIBLIOTECA MUNICIPAL DEL CUSCO |
||
| 082 |
_aEP / 372.510 / _bZ42 |
||
| 100 |
_aZapata Misad, Ruth Maria _927736 |
||
| 245 |
_aMatemática Colibrí 1 : _bprimer grado taller / |
||
| 260 |
_aLima : _bCoquito, |
||
| 300 |
_a111 páginas ; _bimágenes. _c27 cm. |
||
| 505 | _aCuaderno taller. | ||
| 650 |
_aCuaderno taller. _927737 |
||
| 942 |
_2ddc _cLIBROS |
||
| 945 | _awfj | ||